Представление документа в формате RUSMARC

ПолеНазваниеЗначение
  Тип записи c
  Библиографический уровень m
001 Контрольный номер UONB/MAIN/8b19bad271ab4145b146dc7cc78e683a
005 Дата корректировки 20260428171922.7
010 Индекс ISBN __
9 Тираж 3000 экз.
013 Номер (ISMN) __
d Цена 5 р.
071 Издательские номер (звукозапись и ноты) 21
a Номер, присвоенный агентством 14735
100 Данные общей обработки __
a Данные общей обработки 20260428d1991 a y0rusy0189 ca
101 Язык документа 0_
a Язык текста rus
f Язык титульного листа rus
102 Страна публикации __
a Страна публикации RU
125 Кодированные данные звукозаписи и нотных изданий __
a Форма изложения нотного текста а
128 Кодированные данные (звукозаписи-физические характеристики) __
a Кодированные данные: Музыкальная форма и тональность или лад zz
b Инструменты или голоса, необходимые для ансамблей (устаревшее) ос
200 Заглавие и сведения об ответственности 1_
a Заглавие Произведения зарубежных композиторов
203 Вид содержания и тип средства __
a Вид содержания Музыка
b Характеристика содержания знаковая
c Тип средства непосредственная
208 Область специфических сведений: ноты __
a Форма изложения нотного текста Партитура
210 Выходные данные 1_
d Дата издания 1991
215 Физическое описание __
a Объем 158 с.
327 Примечание о содержании 11
a Примечание о содержании Содерж.: Корелли А. Сарабанда ; Фолия ; Аллеманда, Адажио и Куранта : из Кончерто гроссо № 10. Перселл Г. Ария ; Народный танец, Рондо : из оперы "Королева фей". Маршан Л. Менуэт. - Бонончини Дж. Рондо. Рамо Ж. Ф. Ригодон. Бах И. С. Бурре ; Фуга ; Паспье из Сюиты № 1 ; Рондо, Бурре из Сюиты № 2 ; Ария, Гавот : из Сюиты № 3. Гендель Г. Ф. Бурре ; Сарабанда ; [Два] Менуэта ; Фугетта ; Гавот ; Сюита ; Жига, Сарабанда, Матлот : из Увертюры к опере "Родриго". Тартини Д. Сарабанда. Гассе И. Бурре и Менуэт. Мартини Дж. Гавот. Перголези Дж. Сицилиана. Глюк К. В. Анданте. Гайдн Й. Менуэт ; Аллегретто ; Маленькие дивертисменты. Госсек Ф. Гавот. Моцарт В. А. Колыбельная ; Менуэт ; Менуэт из "Маленькой ночной серенады" ; [Три] Контрданса ; Марш из оперы "Волшебная флейта". Бетховен Л. Менуэт ; Немецкие танцы ; Экосезы. Шуберт Ф. Вальс ; Менуэт : соч. 78 № 3 ; Экспромт ; Экосез. Шуман Р. Грёзы ; Марш, Зима, Северная песня : из Альбома для юношества ; У камелька. Сметана Б. Луковка (Чешские танцы, № 5). Исландская мелодия / обраб. Й. Свенсена. Григ Э. Смерть Озе, Песня Сольвейг : из музыки к драме Г. Ибсена "Пер Гюнт" ; Колыбельная : соч. 68 № 5. Барток Б. Вечер в деревне : из сюиты "Детям"
461 Уровень набора _0
1 2001
a Хрестоматия для школьного оркестра
v Вып. 1
1 2101
a Москва
c Музыка
d 1991 -
1 001UONB/MAIN/5e48569f7b9a4f5699fe44fb693fca0f
1 215
d 29 см
1 2251
a Педагогический репертуар. Детская музыкальная школа
464 Аналитический уровень _0
1 700 1
a Корелли
b А.
1 2001
a Сарабанда
464 Аналитический уровень _0
1 700 1
a Корелли
b А.
1 2001
a Фолия
464 Аналитический уровень _0
1 700 1
a Корелли
b А.
1 2001
a Аллеманда из Кончерто гроссо № 10
1 50010
a Кончерто гроссо № 10
464 Аналитический уровень _0
1 700 1
a Корелли
b А.
1 2001
a Адажио из Кончерто гроссо № 10
1 50010
a Кончерто гроссо № 10
464 Аналитический уровень _0
1 700 1
a Корелли
b А.
1 2001
a Куранта из Кончерто гроссо № 10
1 50010
a Кончерто гроссо № 10
464 Аналитический уровень _0
1 700 1
a Перселл
b Г.
1 2001
a Ария
464 Аналитический уровень _0
1 700 1
a Перселл
b Г.
1 2001
a Народный танец из оперы "Королева фей"
1 50010
a Королева фей
464 Аналитический уровень _0
1 700 1
a Перселл
b Г.
1 2001
a Рондо из оперы "Королева фей"
1 50010
a Королева фей
464 Аналитический уровень _0
1 700 1
a Маршан
b Л.
1 2001
a Менуэт
464 Аналитический уровень _0
1 700 1
a Бонончини
b Дж.
1 2001
a Рондо
464 Аналитический уровень _0
1 700 1
a Рамо
b Ж. Ф.
1 2001
a Ригодон
464 Аналитический уровень _0
1 700 1
a Бах
b И. С.
1 2001
a Бурре
464 Аналитический уровень _0
1 700 1
a Бах
b И. С.
1 2001
a Фуга
464 Аналитический уровень _0
1 700 1
a Бах
b И. С.
1 2001
a Паспье из Сюиты № 1
1 50010
a Сюита № 1
464 Аналитический уровень _0
1 700 1
a Бах
b И. С.
1 2001
a Рондо из Сюиты № 2
1 50010
a Сюита № 2
464 Аналитический уровень _0
1 700 1
a Бах
b И. С.
1 2001
a Бурре из Сюиты № 2
1 50010
a Сюита № 2
464 Аналитический уровень _0
1 700 1
a Бах
b И. С.
1 2001
a Ария из Сюиты № 3
1 50010
a Сюита № 3
464 Аналитический уровень _0
1 700 1
a Бах
b И. С.
1 2001
a Гавот из Сюиты № 3
1 50010
a Сюита № 3
464 Аналитический уровень _0
1 700 1
a Гендель
b Г. Ф.
1 2001
a Бурре
464 Аналитический уровень _0
1 700 1
a Гендель
b Г. Ф.
1 2001
a Сарабанда
464 Аналитический уровень _0
1 700 1
a Гендель
b Г. Ф.
1 2001
a Менуэты
464 Аналитический уровень _0
1 700 1
a Гендель
b Г. Ф.
1 2001
a Фугетта
464 Аналитический уровень _0
1 700 1
a Гендель
b Г. Ф.
1 2001
a Гавот
464 Аналитический уровень _0
1 700 1
a Гендель
b Г. Ф.
1 2001
a Сюита
464 Аналитический уровень _0
1 700 1
a Гендель
b Г. Ф.
1 2001
a Жига из Увертюры к опере "Родриго"
1 50010
a Родриго
464 Аналитический уровень _0
1 700 1
a Гендель
b Г. Ф.
1 2001
a Сарабанда из Увертюры к опере "Родриго"
1 50010
a Родриго
464 Аналитический уровень _0
1 700 1
a Гендель
b Г. Ф.
1 2001
a Матлот из Увертюры к опере "Родриго"
1 50010
a Родриго
464 Аналитический уровень _0
1 700 1
a Тартини
b Д.
1 2001
a Сарабанда
464 Аналитический уровень _0
1 700 1
a Гассе
b И.
1 2001
a Бурре и Менуэт
464 Аналитический уровень _0
1 700 1
a Мартини
b Дж.
1 2001
a Гавот
464 Аналитический уровень _0
1 700 1
a Перголези
b Дж.
1 2001
a Сицилиана
464 Аналитический уровень _0
1 700 1
a Глюк
b К. В.
1 2001
a Анданте
464 Аналитический уровень _0
1 700 1
a Гайдн
b Й.
1 2001
a Менуэт
464 Аналитический уровень _0
1 700 1
a Гайдн
b Й.
1 2001
a Аллегретто
464 Аналитический уровень _0
1 700 1
a Гайдн
b Й.
1 2001
a Маленькие дивертисменты
464 Аналитический уровень _0
1 700 1
a Госсек
b Ф.
1 2001
a Гавот
464 Аналитический уровень _0
1 700 1
a Моцарт
b В. А.
1 2001
a Колыбельная
464 Аналитический уровень _0
1 700 1
a Моцарт
b В. А.
1 2001
a Менуэт
464 Аналитический уровень _0
1 700 1
a Моцарт
b В. А.
1 2001
a Менуэт из "Маленькой ночной серенады"
1 50010
a Маленькая ночная серенада
464 Аналитический уровень _0
1 700 1
a Моцарт
b В. А.
1 2001
a Контрдансы
464 Аналитический уровень _0
1 700 1
a Моцарт
b В. А.
1 2001
a Марш из оперы "Волшебная флейта"
1 50010
a Волшебная флейта
464 Аналитический уровень _0
1 700 1
a Бетховен
b Л.
1 2001
a Менуэт
464 Аналитический уровень _0
1 700 1
a Бетховен
b Л.
1 2001
a Немецкие танцы
464 Аналитический уровень _0
1 700 1
a Бетховен
b Л.
1 2001
a Экосезы
464 Аналитический уровень _0
1 700 1
a Шуберт
b Ф.
1 2001
a Вальс
464 Аналитический уровень _0
1 700 1
a Шуберт
b Ф.
1 2001
a Менуэт
e соч. 78 № 3
464 Аналитический уровень _0
1 700 1
a Шуберт
b Ф.
1 2001
a Экспромт
464 Аналитический уровень _0
1 700 1
a Шуберт
b Ф.
1 2001
a Экосез
464 Аналитический уровень _0
1 700 1
a Шуман
b Р.
1 2001
a Грёзы
464 Аналитический уровень _0
1 700 1
a Шуман
b Р.
1 2001
a Марш из Альбома для юношества
1 50010
a Альбом для юношества
464 Аналитический уровень _0
1 700 1
a Шуман
b Р.
1 2001
a Зима из Альбома для юношества
1 50010
a Альбом для юношества
464 Аналитический уровень _0
1 700 1
a Северная песня из Альбома для юношества
1 2001
a Альбом для юношества
464 Аналитический уровень _0
1 700 1
a Шуман
b Р.
1 2001
a У камелька
464 Аналитический уровень _0
1 700 1
a Сметана
b Б.
1 2001
a Луковка
e (Чешские танцы, № 5)
464 Аналитический уровень _0
1 702 1
a Свенсен
b Й.
4 030
1 2001
a Исландская мелодия
464 Аналитический уровень _0
1 700 1
a Григ
b Э.
1 702 1
a Ибсен
b Г.
4 060
1 2001
a Смерть Озе из музыки к драме Г. Ибсена "Пер Гюнт"
e Пер Гюнт
464 Аналитический уровень _0
1 700 1
a Григ
b Э.
1 702 1
a Ибсен
b Г.
4 060
1 2001
a Песня Сольвейг из музыки к драме Г. Ибсена "Пер Гюнт"
1 50010
a Пер Гюнт
464 Аналитический уровень _0
1 700 1
a Григ
b Э.
1 2001
a Колыбельная
e соч. 68 № 5
464 Аналитический уровень _0
1 700 1
a Барток
b Б.
1 2001
a Вечер в деревне
e из сюиты "Детям"
1 50010
a Детям
606 Тематические рубрики 0_
a Основная рубрика Оркестры струнные
x Основная подрубрика Педагогический репертуар ДМШ
610 Ключевые слова 0_
a Ключевые слова струнные оркестры школьные; педагогический репертуар ДМШ; школьные оркестры
686 Индексы других классификаций __
2 Код системы rubbk
a Классификационный индекс 85.951.593(3)я43П
702 Вторичная интеллектуальная ответственность _1
a Фамилия Штамер
b Имя (инициалы) С. Н.
g Полное личное имя Семен Наумович
4 Код отношения 220
4 Код отношения 080
801 Источник записи _0
a Страна RU
b Организация Ульяновская ОНБ
c Дата составления 20260428
g Правила каталогизации RCR
801 Источник записи _1
a Страна RU
b Организация Ульяновская ОНБ
c Дата составления 20260428
g Правила каталогизации RCR
901 Тип документа __
t Тип документа n
w Контрольный № источника UONB/MAIN/5e48569f7b9a4f5699fe44fb693fca0f
909 Создатель записи __
a Создатель записи Никитина Т. А.
b Дата создания записи 20260428